00421cam a2200121 a 4500040000800000082002900008100001800037245003800055260005000093300006900143500006600212650002100278 cDLC00a303 GRE 1984 A089 Or.aB1 aKim, Yong-gi,14aThe unique Canaan Farm of Korea / aSeoul, Korea :bGreat Light Pub. Co.,cc1984. ax, 426 p., [7] p. of plates :bill. (some col.), port. ;c22 cm. aTranslation of: Kim Yong-gi sasang kwa Kanaan Nonggun Hakkyo. 0aSocial reformers